| Tag |
First Indicator |
Second Indicator |
Subfields |
| LEADER |
00000cam a22000001 4500 |
| 001 |
in00004591502 |
| 008 |
850802s1962 nyua j 000 1 eng |
| 005 |
20220818160743.8 |
| 010 |
|
|
|a 62014055
|
| 035 |
|
|
|a (OCoLC)ocm00470653
|
| 040 |
|
|
|a DLC
|b eng
|c DLC
|d BTCTA
|d OCLCQ
|d OCLCG
|d TOH
|d OCLCO
|d OCLCF
|d OCLCQ
|d OCLCO
|d HCO
|d OCLCO
|d OCL
|d OCLCA
|d YBM
|d EYM
|d OCLCO
|d KSU
|
| 035 |
|
|
|a (OCoLC)470653
|
| 050 |
0 |
0 |
|a PZ8.3.F228
|b Mi5 1962
|
| 082 |
0 |
0 |
|a 821
|
| 100 |
1 |
|
|a Farjeon, Eleanor,
|d 1881-1965.
|
| 245 |
1 |
0 |
|a Mrs. Malone /
|c Eleanor Farjeon, illustrated by Edward Ardizzone.
|
| 260 |
|
|
|a New York,
|b H.Z. Walck,
|c 1962.
|
| 300 |
|
|
|a [24] pages
|b illustrations
|c 15 cm
|
| 336 |
|
|
|a text
|b txt
|2 rdacontent
|
| 337 |
|
|
|a unmediated
|b n
|2 rdamedia
|
| 338 |
|
|
|a volume
|b nc
|2 rdacarrier
|
| 520 |
|
|
|a A narrative poem about Mrs. Malone, an old hermit crone, who lives in the woods, welcomes all the animals that seek shelter at her door, and when she dies is welcomed by St. Peter to heaven.
|
| 650 |
|
0 |
|a Narrative poetry.
|
| 650 |
|
0 |
|a Children's poetry, English.
|
| 650 |
|
1 |
|a Stories in rhyme.
|
| 650 |
|
6 |
|a Poésie narrative.
|
| 650 |
|
6 |
|a Poésie enfantine anglaise.
|
| 650 |
|
7 |
|a English poetry.
|2 fast
|0 (OCoLC)fst00912278
|
| 650 |
|
7 |
|a Narrative poetry.
|2 fast
|0 (OCoLC)fst01032986
|
| 655 |
|
0 |
|a Picture books for children.
|
| 655 |
|
0 |
|a Children's books.
|
| 655 |
|
7 |
|a Cloth case bindings.
|2 aat
|
| 655 |
|
7 |
|a Book jackets.
|2 aat
|
| 655 |
|
7 |
|a Illustrated case bindings.
|2 aat
|
| 655 |
|
7 |
|a Narrative poetry.
|2 fast
|0 (OCoLC)fst01726682
|
| 655 |
|
7 |
|a Narrative poetry.
|2 lcgft
|
| 655 |
|
7 |
|a Juvenile literature.
|2 rbgenr
|
| 655 |
|
7 |
|a Poésie narrative.
|2 rvmgf
|
| 700 |
1 |
|
|a Ardizzone, Edward,
|d 1900-1979,
|e illustrator.
|
| 938 |
|
|
|a Baker and Taylor
|b BTCP
|n 62014055
|
| 029 |
1 |
|
|a AU@
|b 000040498742
|
| 994 |
|
|
|a Z0
|b TXA
|
| 948 |
|
|
|h HELD BY TXA - 157 OTHER HOLDINGS
|
| 999 |
f |
f |
|s 649ac09c-3bb2-4c3b-8e70-d464736a519f
|i d4a196f6-1784-49e4-8063-53e170022914
|t 0
|
| 952 |
f |
f |
|p noncirc
|a Texas A&M University
|b College Station
|c Cushing Memorial Library & Archives
|d Cushing: Literature/Mitchell (Does not check out)
|t 0
|e PZ 8.3 F338 Mi6 192
|h Library of Congress classification
|i unmediated -- volume
|m A14852900455
|
| 998 |
f |
f |
|a PZ 8.3 F338 Mi6 192
|t 0
|l Cushing: Literature/Mitchell (Does not check out)
|